История отношений национальностей Китая: в 2 ч.
| Drugi avtorji: | |
|---|---|
| Izvleček: | Книга на китайском языке |
| Jezik: | kitajščina |
| Izdano: |
Пекин, Народное изд-во, 2005
|
| Serija: | Библиотека Китая |
| Format: | MixedMaterials Knjiga |
| KOHA link: | https://koha.lib.tpu.ru/cgi-bin/koha/opac-detail.pl?biblionumber=118672 |
MARC
| LEADER | 00000nam1a2200000 4500 | ||
|---|---|---|---|
| 001 | 118672 | ||
| 005 | 20231031124226.0 | ||
| 010 | |a 7500450486 | ||
| 035 | |a (RuTPU)RU\TPU\book\128411 | ||
| 090 | |a 118672 | ||
| 100 | |a 20070615d2005 km y0chiy50 ea | ||
| 101 | 0 | |a chi | |
| 102 | |a CN | ||
| 200 | 1 | |a История отношений национальностей Китая |e в 2 ч. |f под ред. Гун Дуцзинь | |
| 210 | |a Пекин |c Народное изд-во |d 2005 | ||
| 225 | 1 | |a Библиотека Китая | |
| 300 | |a Книга на китайском языке | ||
| 686 | |a Ф5(5Кит) |v LBC/SL-A |2 rubbk | ||
| 702 | 1 | |a Гун Дуцзинь |4 340 | |
| 801 | 1 | |a RU |b 63413507 |c 20070615 |g PSBO | |
| 942 | |c BK | ||